| 000 | 00470nam a2200181 a 4500 | ||
|---|---|---|---|
| 001 | 10846 | ||
| 003 | CO-ViMGA | ||
| 008 | 141112s2004 ck r 000 u spa d | ||
| 020 | _a8448042042 | ||
| 040 |
_aCO-ViMGA _bspa _cCO-ViMGA |
||
| 082 | 0 | 4 | _a813.5 F71 |
| 100 | 1 |
_aAldiss ; Brian, _914830 |
|
| 245 | 1 | 0 | _aEl Mito de Frankenstein |
| 260 |
_aBarcelona : _bGrupo Editorial Ceac S.A, _c1996 |
||
| 300 | _a328p. | ||
| 650 | 1 | 4 |
_aNOVELA - MISTERIO _914831 |
| 942 |
_2ddc _cBK |
||
| 999 |
_c22066 _d22066 |
||